000 00224nam a22001097a 4500
003 OSt
008 231115b |||||||| |||| 00| 0 eng d
041 _amal
100 _aVikraman
_94881
245 _aNannavillatho
942 _cBK
999 _c17938
_d17938